Get the Picture: X-Men Quiz Stats

 Plays Quiz Updated Feb 25, 2019

Score 0/16 Timer 04:00
12 Plays Today
Question Answer Wrong Answers
Has had three solo films released in addition to appearing in many other X-Men films Wolverine
90.5%
Beast
2.6%
Cyclops
1.6%
Iceman
1%
Secret identity is Scott Summers Cyclops
89.3%
Beast
3.1%
Iceman
2.1%
Wolverine
1.4%
Skeleton is laced with adamantium as a result of the Weapon X project Wolverine
89%
Beast
3%
Cyclops
2.1%
Iceman
2%
Has been married to Jean Grey Cyclops
86.5%
Beast
2.2%
Iceman
1.1%
Wolverine
6.1%
Uses ruby quartz to control their powers Cyclops
85%
Beast
3.9%
Iceman
5.8%
Wolverine
1.4%
Has a genius level intellect Beast
82%
Cyclops
10.1%
Iceman
1.8%
Wolverine
1.8%
Powers include cryokinesis & cryogenesis Iceman
79.5%
Beast
4.1%
Cyclops
8.4%
Wolverine
4.1%
Secret identity is Bobby Drake Iceman
77.7%
Beast
7.8%
Cyclops
8.1%
Wolverine
2%
Is Canadian Wolverine
75%
Beast
5.8%
Cyclops
9.2%
Iceman
5.7%
Has been portrayed by Nicholas Hoult Beast
67.7%
Cyclops
17%
Iceman
7.8%
Wolverine
3.1%
Brother is also a member of the X-Men Cyclops
65.7%
Beast
7.5%
Iceman
15.3%
Wolverine
7.5%
Has been portrayed by Shawn Ashmore Iceman
59.2%
Beast
11.3%
Cyclops
21.8%
Wolverine
3.1%
Is not an original member of the X-Men Wolverine
53%
Beast
7.7%
Cyclops
4.4%
Iceman
30.8%
Has been a member of the Illuminati Beast
52.8%
Cyclops
16.9%
Iceman
10.5%
Wolverine
15.7%
Founding member of the Champions of Los Angeles Iceman
41%
Beast
17.8%
Cyclops
24.1%
Wolverine
12.5%
Founding member of the Secret Avengers Beast
31.7%
Cyclops
17.4%
Iceman
9.3%
Wolverine
37.4%

Today's Daily Dose

Missing Word
Sherlocks

Word Ladder
King of the Hill

Quick Pick
Songs in Pink

Get the Picture
NBA Teammates

You're not logged in!

Compare scores with friends on all Sporcle quizzes.
OR
Log In

Sporcle TV

Today on Sporcle TV


Watch our educational content, quiz creation guides, and fun videos on Sporcle TV.

Show Comments

Extras

Top Quizzes Today


Score Distribution

Your Account Isn't Verified!

In order to create a playlist on Sporcle, you need to verify the email address you used during registration. Go to your Sporcle Settings to finish the process.

Report this User

Report this user for behavior that violates our Community Guidelines.

Details: